[Event "NOR-ch 2018"]
[Site "Moss"]
[Date "2018.07.13"]
[Round "8"]
[White "Ostenstad, Berge"]
[Black "Christiansen, Johan-Sebastian"]
[Result "1/2-1/2"]
[WhiteElo "2447"]
[BlackElo "2506"]
[Annotator "TA"]
[PlyCount "48"]
[EventDate "2018.07.06"]
[EventCountry "NOR"]
[SourceTitle "playchess.com"]
[Source "ChessBase"]
[SourceQuality "1"]

{[%evp 22,48,38,21,32,32,29,25,29,29,31,29,29,22,29,24,32,31,27,27,29,21,42,38,52,46,44,53,58]} 1. c4 f5 2. d4 Nf6 3. g3 d6 4. Nf3 g6 5. Bg2 Bg7 6. O-O O-O 7. Nc3 Qe8 8. d5 Na6 9. Rb1 Nc5 10. Be3 {[%cal Bc1e3,Be3d4,Bd4a1][%mdl 32] A87: Holländische Verteidigung (Leningrader Variante)} Nce4 (10... Bd7 11. Qd2 Nfe4 12. Nxe4 Nxe4 13. Qd3 e5 14. dxe6 Qxe6 15. Ng5 Nxg5 16. Bd5 Nh3+ 17. Kg2 Bc6 18. Kxh3 Bxd5 19. cxd5 {½-½ (68) Bu,X (2681)-Lu,S (2570) China 2015}) 11. Nxe4 Nxe4 12. Bd4 {LiveBook: 4 Partien} e5 13. dxe6 $1 {[#]} Bh6 $146 ({Vorgänger:} 13... Qxe6 14. Ng5 Qxc4 15. Bxg7 Nxg5 16. Bxf8 Kxf8 17. Bd5 Qg4 {1-0 (25) Bacrot,E (2555)-Zhang,Z (2510) Elista 1998}) 14. b3 Bxe6 15. e3 Bd7 16. Ba1 Rf7 17. Re1 Qf8 18. Qd3 Nc5 19. Qc3 {[%csl Ga1][%cal Rc3h8] [#]} Bg7 20. Nd4 Ne4 21. Qc2 Re8 22. Nb5 {Weiß steht etwas besser.} Bxa1 23. Rxa1 Bxb5 24. cxb5 Qg7 {Precision: Weiß = 66%, Schwarz = 59%.} 1/2-1/2

[Event "NOR-ch 2018"]
[Site "Moss"]
[Date "2018.07.13"]
[Round "8"]
[White "Vestby-Ellingsen, Mads"]
[Black "Mihajlov, Sebastian"]
[Result "1/2-1/2"]
[WhiteElo "2429"]
[BlackElo "2385"]
[Annotator "NA"]
[PlyCount "25"]
[EventDate "2018.07.06"]
[EventCountry "NOR"]
[SourceTitle "playchess.com"]
[Source "ChessBase"]
[SourceQuality "1"]

1. d4 Nf6 2. Nf3 g6 3. g3 Bg7 4. Bg2 O-O 5. c4 c6 6. O-O d5 7. Qb3 Nbd7 8. cxd5 cxd5 9. Bf4 Nb6 10. Rc1 Bf5 11. Na3 Ne8 12. Nb5 Be4 13. Nc7 1/2-1/2

[Event "NOR-ch 2018"]
[Site "Moss"]
[Date "2018.07.13"]
[Round "8"]
[White "Haldorsen, Benjamin"]
[Black "Haug, Johannes"]
[Result "1-0"]
[WhiteElo "2423"]
[BlackElo "2403"]
[Annotator "TA"]
[PlyCount "26"]
[EventDate "2018.07.06"]
[EventCountry "NOR"]
[SourceTitle "playchess.com"]
[Source "ChessBase"]
[SourceQuality "1"]

{[%evp 9,26,-87,165,-114,241,-539,-266,-650,-99,-794,-40,-822,-48,-862,-319,-1852,-802,-2360,-898]} 1. e4 e6 2. d4 d5 3. Bd3 Nf6 (3... c5 4. exd5 exd5 5. Nf3 Nf6 6. O-O c4 7. Re1+ Be7 8. Be2 O-O 9. b3 cxb3 10. axb3 Nc6 11. c3 Re8 12. Nbd2 Bd6 13. Bd3 Bg4 14. Rxe8+ Qxe8 {0-1 (52) Fontaine,R (2563)-Carlsen,M (2834) chess.com INT 2018}) 4. Ne2 $146 ({Predecessor:} 4. e5 Nfd7 5. c3 c5 6. Nf3 Nc6 7. O-O Qb6 8. Bc2 Be7 9. a3 a5 10. Re1 f6 11. exf6 Nxf6 12. Qd3 Bd7 13. Nbd2 cxd4 14. cxd4 O-O 15. b3 Rac8 {1-0 (57) Onischuk,V (2623)-Krishna,C (2380) Bastia 2017}) 4... Nc6 5. Be3 Nxd4 $2 {[%mdl 8192] [#]} (5... dxe4 $17 {and life is bright.} 6. Bc4 Na5) 6. O-O $2 {C01: French: Exchange Variation} (6. Nxd4 $18 dxe4 7. Be2) 6... Nb3 $2 {[%mdl 8192]} (6... Nxe2+ $17 {keeps the pressure on.} 7. Qxe2 dxe4) 7. Bc5 $4 {[%mdl 8192]} (7. axb3 $18 {Hoping for Nd2.} dxe4 8. Bc4 (8. Rxa7 Rxa7 9. Bb5+ c6 $14)) 7... Bxc5 (7... Nxc5 $142 8. exd5 exd5) 8. exd5 $2 (8. axb3 dxe4 9. Bc4) 8... Qxd5 $2 (8... Nxa1 $19 {is more deadly.} 9. dxe6 Bxe6) 9. h4 $2 {[%mdl 8192] [#]} (9. Nec3 $17 Qe5 10. axb3) 9... b5 $2 (9... Nxa1 $19 10. Nd2 Bd7 11. Qxa1 O-O) 10. g3 $2 {[%mdl 8192]} (10. Bxb5+ $15 Ke7 11. Qxd5 Nxd5 12. axb3) 10... a5 $2 (10... Nxa1 $19 11. Nbc3 Qb7 12. Bxb5+ Ke7) 11. a4 $2 {[%mdl 8192]} (11. Bxb5+ $15 Ke7 12. Qxd5 Nxd5 13. cxb3) 11... Rb8 $2 (11... Qf3 {( -> ...Bb7)} 12. Bxb5+ Ke7) 12. Re1 $2 (12. cxb3 bxa4 13. Rxa4) 12... Qa8 13. h5 h6 {[%mdl 32768] Loss on Time!?} 1-0

[Event "NOR-ch 2018"]
[Site "Moss"]
[Date "2018.07.13"]
[Round "8"]
[White "Kaasen, Tor Fredrik"]
[Black "Hobber, Anders"]
[Result "0-1"]
[WhiteElo "2396"]
[BlackElo "2312"]
[Annotator "NA"]
[PlyCount "38"]
[EventDate "2018.07.06"]
[EventCountry "NOR"]
[SourceTitle "playchess.com"]
[Source "ChessBase"]
[SourceQuality "1"]

1. d4 d5 2. c4 c6 3. Nf3 Nf6 4. g3 Bf5 5. Nc3 e6 6. Nh4 Be4 7. f3 Bg6 8. Qb3 Qd7 9. e4 dxe4 10. Nxg6 hxg6 11. fxe4 Qxd4 12. Qxb7 Bc5 13. Ne2 Qf2+ 14. Kd1 O-O 15. Qxa8 Qf3 16. Bd2 Rd8 17. Kc1 Qd3 18. a3 Qxd2+ 19. Kb1 Qd3+ 0-1

[Event "NOR-ch 2018"]
[Site "Moss"]
[Date "2018.07.13"]
[Round "8"]
[White "Gronn, Atle"]
[Black "Johannessen, Leif Erlend"]
[Result "1/2-1/2"]
[WhiteElo "2352"]
[BlackElo "2462"]
[Annotator "ChessBase"]
[PlyCount "63"]
[EventDate "2018.07.06"]
[EventCountry "NOR"]
[SourceTitle "playchess.com"]
[Source "ChessBase"]
[SourceQuality "1"]

1. Nf3 c5 2. c4 Nc6 3. g3 g6 4. Bg2 Bg7 5. Nc3 d6 6. a3 e6 7. b4 Nge7 8. Rb1 O-O 9. O-O Rb8 10. e3 Nf5 11. Ne2 b6 12. Bb2 Bxb2 13. Rxb2 cxb4 14. axb4 b5 15. Qc2 a5 16. cxb5 Nxb4 17. Qa4 Bd7 18. Nc3 Qb6 19. Ra1 Bxb5 20. Qxa5 Qxa5 21. Rxa5 Bc6 22. e4 Ne7 23. Ra7 Nc8 24. Rc7 Ba8 25. Nd4 Na6 26. Rxb8 Nxc7 27. f4 Ne7 28. Rb6 Rd8 29. Ndb5 Nxb5 30. Nxb5 Bc6 31. Nc3 h5 32. Kf2 1/2-1/2

[Event "NOR-ch 2018"]
[Site "Moss"]
[Date "2018.07.13"]
[Round "8"]
[White "Hole, Oystein"]
[Black "Moen, Andreas G R"]
[Result "1/2-1/2"]
[WhiteElo "2324"]
[BlackElo "2317"]
[Annotator "NA"]
[PlyCount "41"]
[EventDate "2018.07.06"]
[EventCountry "NOR"]
[SourceTitle "playchess.com"]
[Source "ChessBase"]
[SourceQuality "1"]

1. Nf3 d5 2. d4 Nf6 3. c4 dxc4 4. e3 e6 5. Bxc4 c5 6. O-O a6 7. a4 Nc6 8. Qe2 Be7 9. Rd1 Qc7 10. Nc3 O-O 11. b3 Rd8 12. Bb2 b6 13. d5 exd5 14. Nxd5 Nxd5 15. Bxd5 Bb7 16. Qc4 Rxd5 17. Qxd5 Nd4 18. Qh5 g6 19. Qe5 Bd6 20. Qf6 Be7 21. Qe5 1/2-1/2

[Event "NOR-ch 2018"]
[Site "Moss"]
[Date "2018.07.13"]
[Round "8"]
[White "Tryggestad, Andreas Garberg"]
[Black "Fossan, Petter"]
[Result "1-0"]
[WhiteElo "2302"]
[BlackElo "2321"]
[Annotator "NA"]
[PlyCount "75"]
[EventDate "2018.07.06"]
[EventCountry "NOR"]
[SourceTitle "playchess.com"]
[Source "ChessBase"]
[SourceQuality "1"]

1. e4 e5 2. Nf3 Nc6 3. Bc4 Nf6 4. d3 Bc5 5. c3 O-O 6. O-O a6 7. b4 Ba7 8. Bg5 h6 9. Bh4 d6 10. Nbd2 Be6 11. a4 Qe7 12. Re1 Bxc4 13. Nxc4 g5 14. Bg3 b5 15. Ne3 Qe6 16. Nf5 Kh7 17. Qd2 Nd7 18. d4 Ne7 19. dxe5 dxe5 20. axb5 axb5 21. Nxe7 Qxe7 22. Qd5 f6 23. Qxb5 Bb6 24. Nd2 c6 25. Qc4 c5 26. b5 Bc7 27. Nb3 Bd6 28. Qe2 Qe6 29. Nd2 Nb6 30. Nf1 Qb3 31. Ne3 Qxc3 32. Rac1 Qb3 33. Nf5 Rfd8 34. Qh5 Bf8 35. Rxc5 Nd7 36. Rd5 Nb6 37. Qf7+ Kh8 38. Qxf6+ 1-0

[Event "NOR-ch 2018"]
[Site "Moss"]
[Date "2018.07.13"]
[Round "8"]
[White "Mikalsen, Erlend"]
[Black "Eriksen, Terje"]
[Result "1-0"]
[WhiteElo "2292"]
[BlackElo "2119"]
[Annotator "NA"]
[PlyCount "63"]
[EventDate "2018.07.06"]
[EventCountry "NOR"]
[SourceTitle "playchess.com"]
[Source "ChessBase"]
[SourceQuality "1"]

1. e4 e6 2. d4 d5 3. Nc3 Nf6 4. Bg5 Bb4 5. e5 h6 6. Bc1 Ne4 7. Qg4 g6 8. a3 Bxc3+ 9. bxc3 c5 10. Bd3 Nxc3 11. dxc5 Nc6 12. Nf3 h5 13. Qf4 Qa5 14. Bd2 Qxc5 15. Ng5 Nd8 16. Qf6 Rg8 17. Nh7 d4 18. Qg5 Rh8 19. Nf6+ Kf8 20. O-O Nc6 21. Rae1 Kg7 22. Ne8+ Kf8 23. Qf6 Rh7 24. Bxg6 Nd5 25. Qf3 Kxe8 26. Bxh7 Qf8 27. Be4 Nxe5 28. Qxh5 Nc4 29. Bxd5 Nxd2 30. Bxe6 Nxf1 31. Bxc8+ Kd8 32. Bxb7 1-0

[Event "NOR-ch 2018"]
[Site "Moss"]
[Date "2018.07.13"]
[Round "8"]
[White "Ranaldi, Lucas"]
[Black "Thanke, Bror"]
[Result "1/2-1/2"]
[WhiteElo "2289"]
[BlackElo "2190"]
[Annotator "NA"]
[PlyCount "72"]
[EventDate "2018.07.06"]
[EventCountry "NOR"]
[SourceTitle "playchess.com"]
[Source "ChessBase"]
[SourceQuality "1"]

1. Nf3 g6 2. c4 Bg7 3. d4 Nf6 4. Nc3 O-O 5. e4 d6 6. Be2 Nbd7 7. O-O e5 8. Re1 Re8 9. Bf1 b6 10. b3 Bb7 11. d5 Nf8 12. Ba3 Nh5 13. Qc2 Bc8 14. b4 f5 15. c5 Nf6 16. Nd2 Bh6 17. Bd3 fxe4 18. Ndxe4 Bf5 19. Rad1 Nxe4 20. Bxe4 Qf6 21. c6 Re7 22. Bb2 Bg5 23. Rd3 Rf7 24. Rf3 Bxe4 25. Nxe4 Qe7 26. Ra3 Bf4 27. Ra6 h5 28. b5 Nh7 29. a4 Ng5 30. a5 bxa5 31. Rxa5 Rb8 32. Qd3 Nxe4 33. Rxe4 Qf6 34. Bc3 Qf5 35. Be1 Bd2 36. Ra1 {Bxe1Raxe1 [%clk 0:01:55]} Qxf2+ {Kh1Rbf8 [%clk 0:02:58] h3 [%clk 0:02:10] Kg7 [%clk 0:03:14] R4e3 [%clk 0:01:07] Rf5 [%clk 0:01:23] Rg1 [%clk 0:09:58] Rg5 [%clk 0:22:58] Qa3 [%clk 0:10:27] Rf7 [%clk 0:21:52] Qxa7 [%clk 0:06:24] Rg3 [%clk 0:13:14] Ra3 [%clk 0:06:36] Rxa3 [%clk 0:09:00] Qxa3 [%clk 0:07:03] Qd4 [%clk 0:09:05] Qb3 [%clk 0:06:45] e4 [%clk 0:07:57] Rd1 [%clk 0:06:30] Qb6 [%clk 0:07:25] Qc4 [%clk 0:05:06] e3 [%clk 0:07:19] Re1 [%clk 0:05:20] Re7 [%clk 0:07:09] Re2 [%clk 0:04:55] Re5 [%clk 0:07:34] Kh2 [%clk 0:04:52] Qa7 [%clk 0:05:46] Qc3 [%clk 0:04:13] Kh7 [%clk 0:00:00]} 1/2-1/2

[Event "NOR-ch 2018"]
[Site "Moss"]
[Date "2018.07.13"]
[Round "8"]
[White "Ranaldi, Lucas"]
[Black "Thanke, Bror"]
[Result "*"]
[WhiteElo "2289"]
[BlackElo "2190"]
[Annotator "NA"]
[PlyCount "74"]
[EventDate "2018.07.06"]
[EventCountry "NOR"]
[SourceTitle "playchess.com"]
[Source "ChessBase"]
[SourceQuality "1"]

1. Nf3 g6 2. c4 Bg7 3. d4 Nf6 4. Nc3 O-O 5. e4 d6 6. Be2 Nbd7 7. O-O e5 8. Re1 Re8 9. Bf1 b6 {E95: King's Indian: Classical: 7...Nbd7 8 Re1} (9... a5 10. d5 Nc5 11. Nd2 Bd7 12. Nb3 Nxb3 13. axb3 Rf8 14. g3 Ng4 15. f3 Nh6 16. Be3 f5 17. Qd2 f4 18. gxf4 exf4 19. Bxf4 {0-1 (43) Volkov,S (2637)-Perez Candelario,M (2586) Linares 2017}) 10. b3 $146 ({Predecessor:} 10. d5 Nf8 11. b4 Nh5 12. c5 f5 13. cxd6 cxd6 14. Nd2 Nf6 15. Ba3 Bb7 16. Bb5 Re7 17. Bc6 {1-0 (41) Cruz,C (2536)-Layola Barrionuevo,J (2164) Sitges 2010}) 10... Bb7 11. d5 Nf8 12. Ba3 Nh5 13. Qc2 Bc8 14. b4 f5 15. c5 Nf6 16. Nd2 Bh6 17. Bd3 fxe4 18. Ndxe4 Bf5 19. Rad1 Nxe4 20. Bxe4 Qf6 21. c6 Re7 22. Bb2 Bg5 23. Rd3 Rf7 24. Rf3 Bxe4 25. Nxe4 Qe7 26. Ra3 Bf4 27. Ra6 h5 28. b5 Nh7 29. a4 Ng5 30. a5 bxa5 31. Rxa5 Rb8 32. Qd3 Nxe4 33. Rxe4 Qf6 34. Bc3 ({Reject} 34. Rxa7 $6 Bc1 $14) 34... Qf5 35. Be1 Bd2 36. Ra1 $17 (36. Bxd2 $2 {ist ein Selbstmatt.} Qxf2+ 37. Kh1 Qf1+ 38. Qxf1 Rxf1#) ({Falsch wäre} 36. g4 $2 hxg4 37. Qxd2 (37. Bxd2 Qxf2+ 38. Kh1 Rh7 39. Bf4 exf4 40. Re8+ Kf7 41. Re7+ Kxe7 42. Qe4+ Kf6 43. Qd4+ Qxd4 44. Ra2 Rxb5 45. Rc2 Rb1+ 46. Rc1 Rxc1+ 47. Kg2 Qg1#) 37... Qxe4 $19) 36... Bxe1 37. Raxe1 Qxf2+ {Kh1Rbf8 [%clk 0:02:58]} *

[Event "NOR-ch 2018"]
[Site "Moss"]
[Date "2018.07.13"]
[Round "8"]
[White "Al-Tarbosh, Ward"]
[Black "Skotheim, Andreas"]
[Result "1-0"]
[WhiteElo "2283"]
[BlackElo "2109"]
[Annotator "ChessBase"]
[PlyCount "63"]
[EventDate "2018.07.06"]
[EventCountry "NOR"]
[SourceTitle "playchess.com"]
[Source "ChessBase"]
[SourceQuality "1"]

1. e4 c5 2. Nf3 e6 3. d4 cxd4 4. Nxd4 Nc6 5. Nc3 Qc7 6. Be3 a6 7. Qd2 Nf6 8. O-O-O Be7 9. f4 b5 10. e5 b4 11. Na4 Nd5 12. Nb3 Na5 13. Qf2 Nxb3+ 14. axb3 Nxe3 15. Qxe3 Bb7 16. Bd3 Bxg2 17. Rhg1 Bc6 18. Rxg7 Bxa4 19. bxa4 b3 20. c3 Qa5 21. Qd4 Bc5 22. Qe4 Rc8 23. f5 exf5 24. Qxf5 Qxa4 25. Qxf7+ Kd8 26. Qf6+ Kc7 27. Qxa6 Qf4+ 28. Kb1 Rhd8 29. Qa5+ Bb6 30. Qd5 Rb8 31. Be4 Qf2 32. Qc6# 1-0

[Event "NOR-ch 2018"]
[Site "Moss"]
[Date "2018.07.13"]
[Round "8"]
[White "Solberg, Joachim"]
[Black "Mihajlov, Svetoslav"]
[Result "1-0"]
[WhiteElo "2263"]
[BlackElo "2183"]
[Annotator "NA"]
[PlyCount "121"]
[EventDate "2018.07.06"]
[EventCountry "NOR"]
[SourceTitle "playchess.com"]
[Source "ChessBase"]
[SourceQuality "1"]

1. e4 e5 2. Nf3 Nc6 3. d4 exd4 4. Nxd4 Nf6 5. Nc3 Bb4 6. Nxc6 bxc6 7. Bd3 d5 8. exd5 cxd5 9. O-O O-O 10. Bg5 c6 11. h3 h6 12. Bf4 Bd6 13. Qf3 Be6 14. Ne2 c5 15. c3 Rb8 16. Rab1 d4 17. Bxd6 Qxd6 18. b3 Bd5 19. Qg3 Qxg3 20. Nxg3 dxc3 21. Rbc1 Rb4 22. Rxc3 a5 23. Rxc5 a4 24. Nf5 Kh8 25. Ne3 Be6 26. Nc2 Rbb8 27. bxa4 Rfd8 28. Bb5 Ne4 29. Rc7 Nd6 30. Rd1 Bxa2 31. Nb4 Bb3 32. Rb1 Nxb5 33. axb5 Rxb5 34. Rxb3 Rd4 35. Rg3 Rdxb4 36. Rxf7 Rg5 37. Rxg5 hxg5 38. Rf5 g4 39. h4 g6 40. Rg5 Kh7 41. Kh2 Kh6 42. Kg3 Rb3+ 43. Kxg4 Rb4+ 44. f4 Rb2 45. g3 Rh2 46. f5 gxf5+ 47. Rxf5 Ra2 48. Rf6+ Kg7 49. Rc6 Ra3 50. h5 Kh7 51. Kh4 Ra4+ 52. g4 Ra5 53. h6 Rb5 54. g5 Rb1 55. Rc7+ Kg6 56. Rg7+ Kf5 57. h7 Rh1+ 58. Kg3 Rh5 59. g6 Rg5+ 60. Kf3 Rh5 61. Rg8 1-0

[Event "NOR-ch 2018"]
[Site "Moss"]
[Date "2018.07.13"]
[Round "8"]
[White "Lund, Gunnar"]
[Black "Huse, Sigurd Kjelsbol"]
[Result "1-0"]
[WhiteElo "2216"]
[BlackElo "2085"]
[Annotator "NA"]
[PlyCount "41"]
[EventDate "2018.07.06"]
[EventCountry "NOR"]
[SourceTitle "playchess.com"]
[Source "ChessBase"]
[SourceQuality "1"]

1. e4 e5 2. Bc4 Nf6 3. d3 d5 4. exd5 Nxd5 5. Nf3 Nc6 6. O-O Be7 7. Re1 Bf6 8. d4 Nb6 9. Bb5 Bg4 10. Nxe5 Bxe5 11. Qxg4 O-O 12. dxe5 Qd4 13. Qxd4 Nxd4 14. Bd3 Rfe8 15. Nc3 f6 16. Bf4 g5 17. Be3 fxe5 18. Bxd4 exd4 19. Ne4 Kg7 20. Nxg5 Rxe1+ 21. Rxe1 1-0

[Event "NOR-ch 2018"]
[Site "Moss"]
[Date "2018.07.13"]
[Round "8"]
[White "Martinsen, Stig K"]
[Black "Nordquelle, Daniel"]
[Result "0-1"]
[WhiteElo "2189"]
[BlackElo "2221"]
[Annotator "NA"]
[PlyCount "114"]
[EventDate "2018.07.06"]
[EventCountry "NOR"]
[SourceTitle "playchess.com"]
[Source "ChessBase"]
[SourceQuality "1"]

1. e4 c5 2. Nf3 d6 3. Bb5+ Bd7 4. Bxd7+ Qxd7 5. O-O Nf6 6. Qe2 Nc6 7. c3 e6 8. d4 cxd4 9. cxd4 d5 10. e5 Ne4 11. Be3 {B52: Sicilian: Moscow Variation with 3...Bd7} (11. Nbd2 Nxd2 12. Bxd2 Be7 13. Rac1 O-O 14. g3 Rfc8 15. h4 Bd8 16. h5 h6 17. Kg2 Ne7 18. b3 Rxc1 19. Rxc1 Rc8 20. Rxc8 Qxc8 21. Qd3 Nc6 22. Ne1 Be7 23. Nc2 a6 24. g4 Qf8 25. Qc3 Bd8 26. Qd3 Be7 27. Qc3 Bd8 28. Qd3 {½-½ (28) Laznicka,V (2664)-Kovalyov,A (2641) Linares 2017}) 11... f5 12. exf6 gxf6 13. Rc1 $146 ({Predecessor:} 13. Bf4 Bg7 14. Nbd2 f5 15. Qe3 O-O 16. Rac1 Rae8 17. Nb3 Qd8 18. Ne5 Bxe5 19. dxe5 {1-0 (29) Neiksans,A (2537)-Hoffmann,P (2384) Riga 2012}) 13... Bd6 14. Nc3 Nxc3 15. Rxc3 h5 16. Nh4 Kf7 17. Qf3 Rag8 18. h3 f5 19. g3 Qe7 20. Ng2 Qf6 21. Rd1 h4 22. Bf4 Bxf4 23. Qxf4 hxg3 24. Rxg3 Rg7 25. Qc7+ Kg8 26. Rxg7+ Qxg7 27. Qc8+ Kf7 28. Qxb7+ Ne7 29. Rd3 Rh6 30. Qxa7 Rg6 31. Rg3 Rxg3 32. fxg3 Qxg3 33. Qc5 f4 34. Qc7 Qxh3 35. Qxf4+ Nf5 36. Qc7+ Ne7 37. Qc3 Qg4 38. Kf2 Nf5 39. a4 Nxd4 40. Qc7+ Kg6 41. Qg3 Qxg3+ 42. Kxg3 Nb3 43. Ne3 Kf6 44. Kf4 e5+ 45. Kf3 Ke6 46. Ke2 e4 47. Nf1 Ke5 48. Nd2 Nc5 49. a5 Na6 50. Nb3 d4 51. Kd2 Kd5 52. Kc2 Nb4+ 53. Kd2 $19 (53. Kd1 $11) 53... Kc4 54. Nc1 d3 55. b3+ Kd4 56. Ke1 e3 57. Nxd3 Kxd3 0-1

[Event "NOR-ch 2018"]
[Site "Moss"]
[Date "2018.07.13"]
[Round "8"]
[White "Andersen, Alf Roger"]
[Black "Moen, Ole Christian"]
[Result "1/2-1/2"]
[WhiteElo "2180"]
[BlackElo "2201"]
[Annotator "NA"]
[PlyCount "72"]
[EventDate "2018.07.06"]
[EventCountry "NOR"]
[SourceTitle "playchess.com"]
[Source "ChessBase"]
[SourceQuality "1"]

1. d4 Nf6 2. Nf3 g6 3. Nbd2 Bg7 4. e4 d6 5. Bd3 O-O 6. O-O Nbd7 7. Re1 c5 8. d5 Qc7 9. a4 Ng4 10. Nc4 Nge5 11. Nfxe5 Nxe5 12. Nxe5 Bxe5 13. Bc4 a6 14. Qe2 Bd7 15. a5 Rfe8 16. f4 Bg7 17. Ra3 e6 18. Rb3 exd5 19. Bxd5 Bc6 20. Bxc6 bxc6 21. Qd2 c4 22. Rf3 c3 23. bxc3 Qxa5 24. Qxd6 Bxc3 25. Ref1 Rxe4 26. Qxc6 Bd4+ 27. Kh1 Rae8 28. f5 Qb5 29. Qxb5 axb5 30. fxg6 fxg6 31. Bh6 Bg7 32. Bxg7 Kxg7 33. h3 Rc8 34. Rf7+ Kh6 35. Rb7 b4 36. Rf2 Rec4 1/2-1/2

[Event "NOR-ch 2018"]
[Site "Moss"]
[Date "2018.07.13"]
[Round "8"]
[White "Nielsen, Andre"]
[Black "Kizatbay, Abyl"]
[Result "0-1"]
[WhiteElo "2178"]
[BlackElo "2088"]
[Annotator "NA"]
[PlyCount "60"]
[EventDate "2018.07.06"]
[EventCountry "NOR"]
[SourceTitle "playchess.com"]
[Source "ChessBase"]
[SourceQuality "1"]

1. e4 c5 2. Nf3 d6 3. d4 cxd4 4. Nxd4 Nf6 5. Nc3 a6 6. Bc4 e6 7. Bb3 Nbd7 8. f4 Nc5 9. f5 Be7 10. Qf3 Bd7 11. Be3 Nxb3 12. axb3 Rc8 13. O-O-O Qa5 14. Kb1 b5 15. fxe6 fxe6 16. Qh3 b4 17. Na4 O-O 18. Rhe1 Kh8 19. g4 Nxe4 20. Bg1 d5 21. g5 Bxg5 22. Qg2 Bf6 23. Rf1 e5 24. Nf5 Bxa4 25. bxa4 Qxa4 26. Rxd5 Nc3+ 27. bxc3 bxc3 28. Rd6 Rb8+ 29. Rb6 Rxb6+ 30. Bxb6 Qa3 0-1

[Event "NOR-ch 2018"]
[Site "Moss"]
[Date "2018.07.13"]
[Round "8"]
[White "Nilsen, Tobias Lang"]
[Black "Royset, Pal"]
[Result "1/2-1/2"]
[WhiteElo "2117"]
[BlackElo "2231"]
[Annotator "NA"]
[PlyCount "110"]
[EventDate "2018.07.06"]
[EventCountry "NOR"]
[SourceTitle "playchess.com"]
[Source "ChessBase"]
[SourceQuality "1"]

1. d4 d5 2. c4 e6 3. Nf3 c6 4. g3 f5 5. Bg2 Nf6 6. O-O Bd6 7. b3 Qe7 8. a4 O-O 9. Ba3 Bxa3 {A90: Dutch Defence: Miscellaneous and Modern Stonewall (with ...Bd6)} 10. Nxa3 b6 11. Ne5 (11. Qc1 Bb7 12. Nc2 a5 13. Qa3 Qxa3 14. Rxa3 Na6 15. Ne5 Rfc8 16. Rd1 Kf8 17. Raa1 {½-½ (43) Vachier Lagrave,M (2745)-Radjabov,T (2713) Beijing 2013}) 11... Bb7 12. Nc2 Na6 13. cxd5 $146 ({Predecessor:} 13. Qd3 c5 14. Rac1 g6 15. Rfd1 {½-½ (15) Kundrak,G (2197)-Forgacs,J (2243) Hungary 2007}) 13... cxd5 14. Qc1 Rfc8 15. Qa3 Kf8 16. Rfc1 Ne4 17. Bxe4 fxe4 18. Qxe7+ Kxe7 19. b4 Nb8 20. b5 Nd7 21. Nxd7 Kxd7 22. Ne3 e5 23. dxe5 Ke6 24. Nc2 Kxe5 25. e3 a6 26. Nd4 Rxc1+ 27. Rxc1 Rc8 28. Rxc8 Bxc8 29. a5 bxa5 30. bxa6 a4 31. a7 Bb7 32. Kf1 Kd6 33. Ke2 Kc5 34. Kd2 Kc4 35. Kc2 a3 36. Nb3 Ba8 37. Nd2+ Kb4 38. Nb3 Bb7 39. h4 Ba8 40. Nd4 g6 41. Ne6 a2 42. Kb2 a1=Q+ 43. Kxa1 Kc3 44. Nc7 Bb7 45. a8=Q Bxa8 46. Nxa8 d4 {[#]} 47. exd4 $11 (47. Nb6 $1 $18) 47... Kxd4 48. Nc7 Kd3 49. Ne6 Ke2 50. Ng5 Kxf2 51. Nxe4+ Kf3 52. Ng5+ Kxg3 53. Nxh7 Kxh4 54. Kb2 g5 55. Nxg5 Kxg5 1/2-1/2

[Event "NOR-ch 2018"]
[Site "Moss"]
[Date "2018.07.13"]
[Round "8"]
[White "Hansen, Svein E"]
[Black "Bjornland, Svein"]
[Result "1/2-1/2"]
[WhiteElo "2041"]
[BlackElo "2093"]
[Annotator "NA"]
[PlyCount "109"]
[EventDate "2018.07.06"]
[EventCountry "NOR"]
[SourceTitle "playchess.com"]
[Source "ChessBase"]
[SourceQuality "1"]

1. e4 c6 2. d4 d5 3. Nc3 dxe4 4. Nxe4 Bf5 5. Ng3 Bg6 6. h4 h6 7. Nf3 Nd7 8. Bd3 Bxd3 9. Qxd3 Qc7 10. Qb3 {B19: Classical Caro-Kann: 4...Bf5 main line} e6 11. Bd2 Ngf6 12. O-O-O O-O-O 13. Kb1 $146 ({Predecessor:} 13. Qa4 Kb8 14. Ba5 Nb6 15. Bxb6 axb6 16. Ne5 Bd6 17. Rhe1 b5 18. Qb3 Bxe5 19. dxe5 Rxd1+ 20. Kxd1 {1-0 (47) Zapata,A (2505)-Miles,A (2565) Wijk aan Zee 1987}) 13... Ng4 14. Be1 Qb6 15. Qa4 Nc5 16. Qc4 Qb5 17. Qxb5 cxb5 18. Rc1 Nd7 19. c3 Kb8 20. Nh2 Nxh2 21. Rxh2 Nf6 22. Rh3 Bd6 23. f3 Nd5 24. Ne2 Nf4 25. Nxf4 Bxf4 26. Bg3 Bxg3 27. Rxg3 g6 28. Re1 Rd5 29. Rg4 Rhd8 30. Rge4 a6 31. g4 Kc7 32. a3 Kb6 33. Kc2 R8d7 34. Kd3 Ka5 35. b3 Kb6 36. R1e2 Rd8 37. Re5 R5d7 38. f4 Rc8 39. h5 Rdc7 40. Rc2 Rg8 41. hxg6 Rxg6 42. Rg2 f5 43. g5 hxg5 44. Rxg5 Rh6 45. Rg3 Rc6 46. c4 bxc4+ 47. bxc4 Rh1 48. d5 exd5 49. cxd5 Rd6 $16 (49... Rd1+ $11 50. Ke2 Rcc1) 50. Kc2 (50. Kd4 $16) 50... Rh2+ 51. Kb3 Rd2 52. Kc4 Rc2+ 53. Kb3 Rd2 54. Kc4 Rc2+ 55. Kb3 1/2-1/2

[Event "NOR-ch 2018"]
[Site "Moss"]
[Date "2018.07.13"]
[Round "8"]
[White "Mansoor, Afras"]
[Black "Greibrokk, Maria"]
[Result "1-0"]
[WhiteElo "1973"]
[BlackElo "1802"]
[Annotator "NA"]
[PlyCount "47"]
[EventDate "2018.07.06"]
[EventCountry "NOR"]
[SourceTitle "playchess.com"]
[Source "ChessBase"]
[SourceQuality "1"]

1. c4 Nf6 2. g3 g6 3. Bg2 Bg7 4. Nc3 O-O 5. d3 d6 6. Rb1 Nbd7 7. b4 c6 8. e4 e5 9. Nge2 a5 10. b5 cxb5 11. Nxb5 Nc5 12. O-O Bg4 13. f3 Be6 14. Be3 b6 15. Qc2 Rb8 16. Rfd1 Na6 17. a3 Ne8 18. d4 Qc8 19. Rbc1 f5 20. f4 fxe4 21. Bxe4 Nac7 22. Na7 Qd7 23. dxe5 d5 24. Nc3 1-0

[Event "NOR-ch 2018"]
[Site "Moss"]
[Date "2018.07.13"]
[Round "8"]
[White "Kvendseth, Thyra"]
[Black "Melaa, Sondre"]
[Result "0-1"]
[WhiteElo "1952"]
[BlackElo "2019"]
[Annotator "NA"]
[PlyCount "80"]
[EventDate "2018.07.06"]
[EventCountry "NOR"]
[SourceTitle "playchess.com"]
[Source "ChessBase"]
[SourceQuality "1"]

1. d4 Nf6 2. c4 e6 3. Nf3 Bb4+ 4. Nbd2 b6 5. a3 Bxd2+ 6. Bxd2 h6 7. e3 Bb7 8. Bd3 O-O 9. O-O d6 10. b4 Nbd7 11. Qe2 c5 12. Rac1 e5 13. dxe5 dxe5 14. e4 Qc7 15. Nh4 Rfd8 16. Nf5 Nf8 17. Bb1 Ne6 18. Qe3 Rd7 19. f3 Rad8 20. Rf2 Nf4 21. Rc3 Bc8 22. Kf1 Qb7 23. g3 Ne6 24. Kg2 a6 25. Kh1 Qc6 26. Kg2 Nh7 27. Rd3 Nd4 28. Bc3 Ng5 29. h4 Nge6 30. bxc5 Qxc5 31. Bb4 Qc7 32. Qd2 Nxf5 33. exf5 Rxd3 34. Bxd3 Nd4 35. f6 Nf5 36. fxg7 e4 37. fxe4 Qxg3+ 38. Kf1 Rxd3 39. Qb2 Ne3+ 40. Ke1 Qg1+ 0-1